| 000 | 00483nam a2200181Ia 4500 | ||
|---|---|---|---|
| 003 | OSt | ||
| 005 | 20210104120137.0 | ||
| 008 | 190216s9999||||xx |||||||||||||| ||und|| | ||
| 020 | _a9788126403691 | ||
| 040 | _coclc | ||
| 082 |
_a894.8121 _bBAB/K |
||
| 100 |
_aBaby, K V _97629 |
||
| 245 | 0 |
_aKavalkkili / _cK V Baby |
|
| 260 |
_bD C Books, _c2001. _aKottayam: |
||
| 300 | _a80p | ||
| 650 | _aKavithkal | ||
| 942 |
_cBK _2ddc _h894.8121 _iBAB/K _k894.8121 _mBAB/K |
||
| 999 |
_c29767 _d29767 |
||